00699nam a2200181Ia 450000500170000000800410001702000150005808200130007310000170008624501050010325000170020826000450022530000320027050000990030294200060040195200950040799900150050220250121005935.0240331s9999 xx 000 0 und d a9558095354 bNARa920 aSwamy, N.M.R 0aInside an elusive mind Prabhakaran :bThe first profile of the world's most ruthless guerilla leader a2nd edition  aColombobVijitha Yapa Publicationsc2004 aXXii, 290 p ., ( 2nd copy) aA biography of Vellupillai Prabakaran ( one of the world's most ruthless separatist learders.) cL 001040708LaWERCLbWERCLcSSCd2024-03-31l0o 920 NARp5486r2024-03-31w2024-03-31yL c3418d3418